00395 a2200121 4500003000500000005001700005040000900022082000800031245008000039260002000119650011100139651002300250Nust20170207155100.0 cNust a799 aOffr Crypto Qualifying Course PAF Offrs (GP Photo) (Misc Photographs) cMCS aRawalpindibMCS aPictures of Offr Crypto Qualifying Course PAF Offrs (GP Photo) in MCS (Misc Photographs) (Soft Copy) CD-21 aSweet Memories-MCS